Statistics for Answers Contain the Number One

Click here to take the quiz!

General Stats

  • This quiz has been taken 37,896 times
    (13,045 since last reset)
  • The average score is 15 of 22

Answer Stats

Clue Answer % Correct
It ended on 11/11/1918World War One
91%
Rare golf accomplishmentHole in One
87%
U.S. President's aircraftAir Force One
87%
Bikini alternativeOne-piece
85%
Very short jokeOne Liner
83%
One small step for man
___ _____ ____ for mankind
One Giant Leap
83%
Grand Prix racingFormula One
80%
Boy band that is "Up All Night"One Direction
78%
Gollum's prized possessionOne Ring
72%
Former Chinese
family-planning doctrine
One-child Policy
70%
Video game console released in 2013Xbox One
68%
Channel on which Doctor Who appearsBBC One
67%
Musical act with just one famous songOne-hit Wonder
64%
What is the sound of ___ ____ clapping?One Hand
63%
One's date to a weddingPlus One
63%
One heart, let's get together
and feel all right
One Love
62%
What a brigadier general hasOne Star
56%
Anticipated California mega-quakeThe Big One
47%
Nickname for a slot machineOne-armed Bandit
46%
MessiahChosen One
42%
In the land of the blind, he is kingOne-eyed Man
37%
Official name of New York's
"Freedom Tower"
One World Trade
Center
37%

Score Distribution

Percentile by Number Answered

Percent of People with Each Score

Your Score History

You have not taken this quiz since the last reset